| 000 | 00595nam a2200193Ia 4500 | ||
|---|---|---|---|
| 005 | 20250508150324.0 | ||
| 008 | 008 250505s9999 xx 000 0 eng d | ||
| 037 | _aTextual | ||
| 040 |
_aFEDL _beng _cFEDL |
||
| 041 |
_aeng _2eng |
||
| 084 |
_a370.1, ULI _qFEDL |
||
| 100 |
_aUlich Robert Ed. _9139540 |
||
| 245 | 0 | _aThree thousand years of educational wisdom : Selections from great documents | |
| 260 |
_aCambridge _bHarvard University Press _c1947 |
||
| 300 | _aviii,614p. | ||
| 650 | _aEducation - Philosophy | ||
| 942 |
_cTEXL _h370.1, ULI |
||
| 999 |
_c1322992 _d1322992 |
||